| 000 | 00546nam a2200169 4500 | ||
|---|---|---|---|
| 001 | 117736 | ||
| 003 | ES-MaACL | ||
| 005 | 20230906190948.0 | ||
| 007 | t| | ||
| 008 | 070214s1951 sp r ||||1| spa d | ||
| 100 | 1 |
_aPedroso, Margarita de. _9162322 |
|
| 245 | 1 | 3 |
_aEl volcán y el potro de Coipúe : _bcuentos americanos / _cMargarita de Pedroso ; ilustraciones de Marisol Edwards. |
| 260 |
_aMadrid : _bCultura Hispánica, _c1951. |
||
| 300 |
_a226 p. : _bil. ; _c23 cm. |
||
| 700 | 1 |
_aEdwards, Marisol. _9162323 |
|
| 852 |
_aES-MaACL _jD-7528 |
||
| 999 |
_c117736 _d117736 |
||